| 000 | 01230cam a2200133 4500500 | ||
|---|---|---|---|
| 005 | 20260405065222.0 | ||
| 041 | _afre | ||
| 042 | _adc | ||
| 100 | 1 | 0 |
_aCalin, Rodolphe _eauthor |
| 245 | 0 | 0 | _aLevinas et l'exception du soi : Ontologie et éthique |
| 260 |
_bPresses Universitaires de France,
_c2005. |
||
| 520 | _aLevinas n’est pas le premier ni le seul penseur à avoir eu le souci de décrire la subjectivité pour elle-même et à partir d’elle-même. Cette subjectivation, toujours à reprendre, Levinas l’aura envisager lui-même doublement, en deux lieux distincts, l’ontologie et l’éthique. L’ontologie dans la mesure où elle se propose de déduire la signification de l’étant subjectif dans l’être, l’éthique dans la mesure où elle pense l’unicité du moi à partir de la responsabilité pour autrui. L’ontologie et l’éthique sont, pour Levinas,deux figures de l’egologie, elles décrivent deux manières d’être soi. Pour le comprendre l’auteur rétablit les rapports souvent oubliés entre Levinas et Husserl, Heidegger, Sartre, Merleau-Ponty et Henry. | ||
| 856 | 4 | 1 | _uhttps://shs.cairn.info/levinas-et-l-exception-du-soi--9782130543770?lang=fr&redirect-ssocas=7080 |
| 999 |
_c2194212 _d2194212 |
||